000 01239caa a22002651ib4500
003 SA-RiAUC
005 20250901043414.0
008 250901s19uu ti g 000 0 ara c
040 _aTN_BIBPUB
_bara
_cSA-RiAUC.
_erda
043 _af-ti---
082 0 4 _a922.1
_qSA-RiAUC
090 _a922.1
_bد ب ا
100 1 _aالدباغ، عبد الرحمن بن محمد بن علي،
_d605-699 هجري
_eمؤلف.
245 1 0 _aمعالم الإيمان في معرفة أهل القيروان /
_cأبو زيد عبد الرحمن الدباغ ؛ تحقيق محمد ماضور.
264 _aتونس ،
_bالمطبعة العربية التونسية:
_c1900.
300 _aمجلد،
_c30 سم
336 _aنص
_btxt
_2rdacontent
_3كتاب
337 _aبدون وسيط
_bn
_2rdamedia
338 _aمجلد
_bnc
_2rdacarrier
580 _aفي : معالم الإيمان في معرفة أهل القيروان. -تونس : المكتبة العتيقة، [19--]. -مج. 3. -(من تراثنا الإسلامي ؛ 14)
650 7 _aالمسلمون
_zتونس
_zالقيروان
_vتراجم
_2aucsh
700 1 _aماضور، محمد،
_d1903-1980
_eمحقق.
942 _2ddc
_cBOOK
949 _aSA-JeALM
_d250901
_ukhaled123
_n1
999 _c11321
_d11321